{"text_format":"1","workbook":"xlsx","n_sheets":10,"sheets":["1ª MEDIÇÃO","2ª MEDIÇÃO","3ª MEDIÇÃO","4ª MEDIÇÃO","5ª MEDIÇÃO","6ª MEDIÇÃO","7ª MEDIÇÃO","8ª MEDIÇÃO","9ª MEDIÇÃO","PLANILHA SINTÉTICA"],"not_rendered":{"charts":0,"images":2,"macros":1,"external_links":12,"defined_names":1440,"comments":0,"pivot_tables":0},"unopened":[],"bounds":{"document_bytes":16777216,"sheet_cells":100000,"rows_first":2000,"rows_last":500,"rows_between":2000,"halvings":0,"cell_chars":16384,"cell_head_chars":4096},"cells_cut":0,"cells_raw":0,"read":"whole","date_system":"1900"}

{"sheet":"1ª MEDIÇÃO","index":0,"n_rows":4,"n_cols":10,"rows_kept":4,"cut":false,"hidden":true,"merged":[[0,0,0,8],[1,0,1,8],[2,0,2,8]]}
["TRIBUNAL DE JUSTIÇA DE PERNAMBUCO"]
[{"$f":"#REF!","v":{"$error":"#REF!"}}]
["MEMÓRIA DE CALCULO - 1ª MEDIÇÃO"]
["ITEM","DESCRIÇÃO","QUANT.","LARG.","COMP.","ALT.","TAXA","TOTAL","UNID","MEMORIAL FOTOGRÁFICO"]

{"sheet":"2ª MEDIÇÃO","index":1,"n_rows":4,"n_cols":10,"rows_kept":4,"cut":false,"hidden":true,"merged":[[0,0,0,8],[1,0,1,8],[2,0,2,8]]}
["TRIBUNAL DE JUSTIÇA DE PERNAMBUCO"]
[{"$f":"#REF!","v":{"$error":"#REF!"}}]
["MEMÓRIA DE CALCULO - 2ª MEDIÇÃO"]
["ITEM","DESCRIÇÃO","QUANT.","LARG.","COMP.","ALT.","TAXA","TOTAL","UNID","MEMORIAL FOTOGRÁFICO"]

{"sheet":"3ª MEDIÇÃO","index":2,"n_rows":4,"n_cols":10,"rows_kept":4,"cut":false,"hidden":true,"merged":[[0,0,0,8],[1,0,1,8],[2,0,2,8]]}
["TRIBUNAL DE JUSTIÇA DE PERNAMBUCO"]
[{"$f":"#REF!","v":{"$error":"#REF!"}}]
["MEMÓRIA DE CALCULO - 3ª MEDIÇÃO"]
["ITEM","DESCRIÇÃO","QUANT.","LARG.","COMP.","ALT.","TAXA","TOTAL","UNID","MEMORIAL FOTOGRÁFICO"]

{"sheet":"4ª MEDIÇÃO","index":3,"n_rows":4,"n_cols":10,"rows_kept":4,"cut":false,"hidden":true,"merged":[[0,0,0,8],[1,0,1,8],[2,0,2,8]]}
["TRIBUNAL DE JUSTIÇA DE PERNAMBUCO"]
[{"$f":"#REF!","v":{"$error":"#REF!"}}]
["MEMÓRIA DE CALCULO - 4ª MEDIÇÃO"]
["ITEM","DESCRIÇÃO","QUANT.","LARG.","COMP.","ALT.","TAXA","TOTAL","UNID","MEMORIAL FOTOGRÁFICO"]

{"sheet":"5ª MEDIÇÃO","index":4,"n_rows":4,"n_cols":10,"rows_kept":4,"cut":false,"hidden":true,"merged":[[0,0,0,8],[1,0,1,8],[2,0,2,8]]}
["TRIBUNAL DE JUSTIÇA DE PERNAMBUCO"]
[{"$f":"#REF!","v":{"$error":"#REF!"}}]
["MEMÓRIA DE CALCULO - 5ª MEDIÇÃO"]
["ITEM","DESCRIÇÃO","QUANT.","LARG.","COMP.","ALT.","TAXA","TOTAL","UNID","MEMORIAL FOTOGRÁFICO"]

{"sheet":"6ª MEDIÇÃO","index":5,"n_rows":4,"n_cols":10,"rows_kept":4,"cut":false,"hidden":true,"merged":[[0,0,0,8],[1,0,1,8],[2,0,2,8]]}
["TRIBUNAL DE JUSTIÇA DE PERNAMBUCO"]
[{"$f":"#REF!","v":{"$error":"#REF!"}}]
["MEMÓRIA DE CALCULO - 6ª MEDIÇÃO"]
["ITEM","DESCRIÇÃO","QUANT.","LARG.","COMP.","ALT.","TAXA","TOTAL","UNID","MEMORIAL FOTOGRÁFICO"]

{"sheet":"7ª MEDIÇÃO","index":6,"n_rows":4,"n_cols":10,"rows_kept":4,"cut":false,"hidden":true,"merged":[[0,0,0,8],[1,0,1,8],[2,0,2,8]]}
["TRIBUNAL DE JUSTIÇA DE PERNAMBUCO"]
[{"$f":"#REF!","v":{"$error":"#REF!"}}]
["MEMÓRIA DE CALCULO - 7ª MEDIÇÃO"]
["ITEM","DESCRIÇÃO","QUANT.","LARG.","COMP.","ALT.","TAXA","TOTAL","UNID","MEMORIAL FOTOGRÁFICO"]

{"sheet":"8ª MEDIÇÃO","index":7,"n_rows":4,"n_cols":10,"rows_kept":4,"cut":false,"hidden":true,"merged":[[0,0,0,8],[1,0,1,8],[2,0,2,8]]}
["TRIBUNAL DE JUSTIÇA DE PERNAMBUCO"]
[{"$f":"#REF!","v":{"$error":"#REF!"}}]
["MEMÓRIA DE CALCULO - 8ª MEDIÇÃO"]
["ITEM","DESCRIÇÃO","QUANT.","LARG.","COMP.","ALT.","TAXA","TOTAL","UNID","MEMORIAL FOTOGRÁFICO"]

{"sheet":"9ª MEDIÇÃO","index":8,"n_rows":4,"n_cols":10,"rows_kept":4,"cut":false,"hidden":true,"merged":[[0,0,0,8],[1,0,1,8],[2,0,2,8]]}
["TRIBUNAL DE JUSTIÇA DE PERNAMBUCO"]
[{"$f":"#REF!","v":{"$error":"#REF!"}}]
["MEMÓRIA DE CALCULO - 9ª MEDIÇÃO"]
["ITEM","DESCRIÇÃO","QUANT.","LARG.","COMP.","ALT.","TAXA","TOTAL","UNID","MEMORIAL FOTOGRÁFICO"]

{"sheet":"PLANILHA SINTÉTICA","index":9,"n_rows":84,"n_cols":7,"rows_kept":84,"cut":false,"hidden":false,"merged":[[83,0,83,5],[3,7,3,8],[4,7,4,8],[7,5,7,6],[7,4,8,4],[7,0,8,0],[7,2,8,2],[7,3,8,3],[7,1,8,1],[5,7,5,8],[6,7,6,8],[3,0,4,3],[3,5,3,6],[4,5,4,6],[5,0,6,3],[5,5,5,6],[6,5,6,6],[0,7,0,8],[1,7,1,8],[2,7,2,8],[0,0,0,3],[0,5,0,6],[1,0,2,3],[1,5,1,6],[2,5,2,6]]}
["PODER JUDICIÁRIO",null,null,null,"Obra:","SERVIÇO DE IMPLANTAÇÃO DE GERADOR PERMANENTE NO PLÁCIO DA JUSTIÇA"]
["TRIBUNAL DE JUSTIÇA DE PERNAMBUCO",null,null,null,"Local:","Praça da República s/n° - Santo Antônio - Recife - PE."]
[null,null,null,null,"Contrato:","018/2025 -TJPE"]
["DIRETORIA DE ENGENHARIA E ARQUITETURA",null,null,null,"Situação:","Encerrada"]
[null,null,null,null,"Contratada:","Sla Projetos e Obras Ltda EPP"]
["QUANTITATIVOS E PREÇOS CONTRATADOS",null,null,null,"Valor Total:",{"$f":"G84","v":298985.39}]
[null,null,null,null,"DATA ASSINATURA DO CONTRATO","2025-02-26"]
["ITEM","Cód. Efisco","DESCRIÇÃO","UN","QUANT. TOTAL","TOTAL"]
[null,null,null,null,null,"P. UNIT","P. TOTAL"]
["1.",null,"ART'S","",null,0]
["1.1","527411-7","ART EXECUÇÃO DE OBRA - RESPONSÁVEL TÉCNICO DA CONTRATADA.","un",1,330.38,330.38]
["2.",null,"ADMINISTRAÇÃO DA OBRA / MÁQUINAS E EQUIPAMENTOS","",null,0,0]
["2.1","401010-8","ADMINISTRAÇÃO LOCAL PELO PERÍODO DA OBRA","un/mês",2,22851.41,45702.82]
["2.2","314578-6","MOBILIZAÇÃO DA OBRA (PESSOAL, MÁQUINAS E EQUIPAMENTOS).","un",1,1631.0300000000002,1631.03]
["2.3","411684-4","LOCAÇÃO DE ANDAIME METÁLICO TUBULAR DE ENCAIXE, TIPO TORRE, CADA PAINEL COM LARGURA DE 1 ATÉ 1,5 M E ALTURA DE *1,00M*, INCLUINDO DIAGONAL, BARRAS DE LIGAÇÃO, SAPATAS OU RODÍZIOS, PLATAFORMA METÁLICA, GUARDA CORPO METÁLICO, ESCADA E DEMAIS ITENS NECESSÁRIOS A MONTAGEM (NÃO UNCUI INSTALAÇÃO)","mXmês",25.35,37.69,955.44]
["2.4","478652-1","MONTAGEM E DESMONTAGEM DE ANDAIME TUBULAR TIPO \"TORRE\" (EXCLUSIVE ANDAIME E LIMPEZA). AF_03/2024","m",25.35,34,861.9]
["3.",null,"CANTEIRO DE OBRA","",null,0,0]
["3.1","501875-7","PLACA DE OBRA EM LONA PLÁSTICA  IMPRESSÃO DIGITAL ALTA RESOLUÇÃO COM ACABAMENTO EM ILHÓS, FIXAÇÃO EM ABRAÇADEIRAS DE NYLON, ESTRUTURA EM FERRO GALVANIZADO.","m²",4,475.07,1900.28]
["3.2","531679-0","LOCAÇÃO DE CONTAINER ESCRITÓRIO COM BANHEIRO CONTENDO 01 VASO SANITÁRIO, 01 LAVATÓRIO E 01 CHUVEIRO, JANELA EM VIDRO, PORTAS, LUMINÁRIAS, TOMADAS, FORRO EM PVC, AR CONDICIONADO E ISOLAMENTO TERMO-ACÚSTICO EM ISOPOR (6,00 X 2,35M). NÃO INCLUI MOBILIZAÇÃO E DESMOBILIZAÇÃO.","un/mês",2,1363.94,2727.88]
["3.3","462057-7","FRETE PARA ENTREGA OU RETIRADA DE CONTAINER PARA OBRA EM RECIFE  EM GUINDAUTO (MUNCK) MODELO ARGOS 20.5 COM CAPACIDADE PARA 6,0 TON A 4,0 M DE RAIO. ","un",2,2139.62,4279.24]
["3.4","428787-8","LIGAÇÃO PROVISÓRIA DE ENERGIA. (CONTAINER)","un",1,2290.44,2290.44]
["3.5","401750-1","LIGAÇÕES PROVISÓRIAS DE ÁGUA E ESGOTO SANITÁRIO. (CONTAINER)","un",1,636.25,636.25]
["3.6","411549-0","RETIRADA DE TAPUME COM REAPROVEITAMENTO, INCLUSIVE REMANEJAMENTO.","m²",22.7,35.480000000000004,805.39]
["4.",null,"SERVIÇOS PRELIMINARES / DEMOLIÇÕES / RETIRADAS","",null,0,0]
["4.1","430541-8","TRANSPORTE HORIZONTAL COM MANIPULADOR TELESCÓPICO, DE JARDINEIRAS, LIXEIRAS E OBJETOS DE GRANDE PORTE DENTRO DA OBRA.","unXKm",3,30.330000000000002,90.99]
["4.2","489974-1","DEMOLIÇÃO DE ALVENARIA PARA QUALQUER TIPO DE BLOCO, DE FORMA MECANIZADA, SEM REAPROVEITAMENTO. AF_09/2023","m³",0.01,68.239999999999995,0.68]
["4.3","433325-0","CHAPISCO APLICADO EM ALVENARIA (COM PRESENÇA DE VÃOS) E ESTRUTURAS DE CONCRETO DE FACHADA, COM COLHER DE PEDREIRO.  ARGAMASSA TRAÇO 1:3 COM PREPARO MANUAL. AF_10/2022","m²",0.15,7.3800000000000008,1.1000000000000001]
["4.4","457508-3","EMBOÇO, EM ARGAMASSA TRAÇO 1:2:8, PREPARO MANUAL, APLICADO MANUALMENTE EM PAREDES INTERNAS DE AMBIENTES COM ÁREA ENTRE 5M² E 10M², E = 17,5MM, COM TALISCAS. AF_03/2024","m²",0.15,40.340000000000003,6.05]
["4.5","441101-3","EMASSAMENTO COM MASSA LÁTEX, APLICAÇÃO EM PAREDE, DUAS DEMÃOS, LIXAMENTO MANUAL. AF_04/2023","m²",0.15,19.18,2.87]
["4.6","440610-9","ESCAVAÇÃO MECÂNICA VALAS EM QUALQUER TIPO DE SOLO EXCETO ROCHA, PROF. 0<H<4 M","m³",7.28,10.56,76.87]
["4.7","216786-7","DEMOLIÇÃO DE PISOS VINÍLICOS, EXCLUSIVE CONTRAPISO.","m²",4.28,7.83,33.51]
["4.8","314404-6","RETIRADA DE PEDRA GRANITÍCA COM REAPROVETAMENTO.","m²",19.940000000000001,19.079999999999998,380.45]
["4.9","528880-0","TRANSPORTE HORIZONTAL COM JERICA DE 60 L, DE MASSA/ GRANEL (UNIDADE: M3XKM). AF_07/2019","m³XKm",9.52,1281.33,12198.26]
["4.10","553633-2","ALUGUEL DE CAÇAMBA ESTACIONÁRIA COM ATÉ 6M³ COM DESTINAÇÃO FINAL DE RESÍDUOS SÓLIDOS.","un",2,644.4,1288.8]
["4.11","465159-6","TAXA DE DESCARTE DE RESÍDUOS DA CONSTRUÇÃO CIVIL.","t",14.26,36.49,520.34]
["5.",null,"BASES GERADOR E QUADRO","",null,0,0]
["5.1","605065-4","ATERRO C/COMPACTAÇÃO MECÂNICA E CONTROLE, INCLUSO MATERIAL E FRETE.","m³",8.15,98.89,805.95]
["5.2","441363-6","FABRICAÇÃO DE FÔRMA PARA LAJES, EM CHAPA DE MADEIRA COMPENSADA RESINADA, E = 17 MM. AF_09/2020","m²",4.71,60.849999999999994,286.60000000000002]
["5.3","440995-7","ARMAÇÃO DE LAJE DE ESTRUTURA CONVENCIONAL DE CONCRETO ARMADO UTILIZANDO AÇO CA-50 DE 8,0 MM - MONTAGEM. AF_06/2022","kg",232,13.32,3090.24]
["5.4","505332-3","CONCRETAGEM DE EDIFICAÇÕES (PAREDES E LAJES) FEITAS COM SISTEMA DE FORMAS MANUSEÁVEIS, COM CONCRETO USINADO BOMBEÁVEL FCK= 35MPA - LANÇAMENTO, ADENSAMENTO E ACABAMENTO.","m³",3.1,727.66,2255.7399999999998]
["5.5","554019-4","ALVENARIA DE VEDAÇÃO DE BLOCOS CERÂMICOS FURADOS NA VERTICAL DE 9X19X39 CM (ESPESSURA 9 CM) E ARGAMASSA DE ASSENTAMENTO COM PREPARO MANUAL. AF_12/2021","m²",3.03,61.16,185.31]
["5.6","431523-5","CHAPISCO APLICADO EM ALVENARIAS E ESTRUTURAS DE CONCRETO INTERNAS, COM COLHER DE PEDREIRO.  ARGAMASSA TRAÇO 1:3 COM PREPARO MANUAL. AF_10/2022","m²",7.58,5.7,43.2]
["5.7","457791-4","EMBOÇO, EM ARGAMASSA TRAÇO 1:2:8, PREPARO MECÂNICO, APLICADO MANUALMENTE EM PAREDES INTERNAS DE AMBIENTES COM ÁREA MENOR QUE 5M², E =17,5MM, COM TALISCAS. AF_03/2024","m²",7.58,49.78,377.33]
["5.8","441101-3","EMASSAMENTO COM MASSA LÁTEX, APLICAÇÃO EM PAREDE, DUAS DEMÃOS, LIXAMENTO MANUAL. AF_04/2023","m²",7.58,19.18,145.38]
["5.9","530683-3","PINTURA DE PISO COM TINTA EPÓXI, APLICAÇÃO MANUAL, 2 DEMÃOS, INCLUSO PRIMER EPÓXI. AF_05/2021","m²",11.85,84.74,1004.16]
["6.",null,"ESTRUTURA METÁLICA E GRADIL","",null,0,0]
["6.1","605089-1","FORNECIMENTO E ASSENTAMENTO DE GRADIL ELETROFUNDIDO (TIPO ELETROGRADI BARRA 25X2 MM, FIO 4,8 MM E MALHA 65X132 MM) COM PINTURA ELETROSTÁTICA TIPO SITELA OU SIMILAR.","m²",43.72,420.16,18369.39]
["6.2","605164-2","FORNECIMENTO E ASSENTAMENTO DE PORTÃO GRADIL DE GIRO DUAS FOLHAS ELETROFUNDIDO (TIPO ELETROGRADI BARRA 25X2MM, FIO 4,8 MM E MALHA 65X132MM) COM PINTURA ELETRÓSTÁTICA. SITELA OU SIMILAR.","m²",5.22,1360.6799999999998,7102.74]
["6.3","605076-0","ESTRUTURA EM PERFIL DE AÇO ASTM A36 CORTE, SOLDA E MONTAGEM - FORNECIMENTO E INSTALAÇÃO. ","kg",101,17.830000000000002,1800.83]
["6.4","605077-8","PINTURA COM TINTA ALQUÍDICA DE FUNDO (TIPO ZARCÃO) PULVERIZADA SOBRE PERFIL METÁLICO EXECUTADO EM FÁBRICA (POR DEMÃO). AF_01/2020_PE","m²",5.25,14.809999999999999,77.75]
["6.5","605079-4","PINTURA COM TINTA ALQUÍDICA DE ACABAMENTO (ESMALTE SINTÉTICO FOSCO) PULVERIZADA SOBRE PERFIL METÁLICO EXECUTADO EM FÁBRICA (POR DEMÃO). AF_01/2020_PE","m²",10.5,13.62,143.01]
["6.6","468997-6","GRAUTE FGK=25 MPA; TRAÇO 1:0,02:1,3:1,6 (EM MASSA SECA DE CIMENTO/ CAL/ AREIA GROSSA/ BRITA 0) - PREPARO MECÂNICO COM BETONEIRA 400 L. AF_09/2021","m³",0.05,724.83999999999992,36.24]
["6.7","605165-0","REFORMA DE GRADE DE JANELA COM SERVIÇO DE CORTE DE PERFIL METÁLICO TUBO QUADRADO, CONFORME PROJETO ESPECÍFICO EM OBRA NO PALÁCIO DA JUSTIÇA.","un",1,39.18,39.18]
["7.",null,"PISOS","",null,0,0]
["7.1","520777-0","ASSENTAMENTO DE PEDRA GRANIÍTICA REAPROVEITADA, REJUNTADA COM ARGAMASSA DE CIMENTO E AREIA.","m²",5.38,60.010000000000005,322.85000000000002]
["7.2","464009-8","REGULARIZAÇÃO DE PISO COM ARGAMASSA DE CIMENTO E AREIA, TRAÇO 1:4, E=3CM, PARA REVESTIMENTO DE PISO.","m²",5.38,53.91,290.02999999999997]
["7.3","435580-6","PISO CIMENTADO, TRAÇO 1:3 (CIMENTO E AREIA), ACABAMENTO LISO, ESPESSURA 2,0 CM, PREPARO MECÂNICO DA ARGAMASSA. AF_09/2020","m²",5.38,44.14,237.47]
["8.",null,"DIVERSOS","",null,0,0]
["8.1","605151-0","FRETE PARA TRANSPORTE DE GERADOR 800KVA DE 6 TONELADAS, ATRAVÉS DE CAMINHÃO MUNK TRUNCADO, COM PERCURSO DE OLINDA (FÓRUM LOURENÇO JOSÉ RIBEIRO) PARA RECIFE (PALÁCIO DA JUSTIÇA).","un",1,2517.1999999999998,2517.1999999999998]
["9.",null,"ELÉTRICA","",null,0,0]
["9.1.",null,"CONDUTORES",null,null,0,0]
["9.1.1","549513-0","CABO DE COBRE FLEXÍVEL, TÊMPERA MOLE E ENCORDOAMENTO CLASSES 4 E 5, SEÇÃO NOMINAL DE 240 MM², ISOLAÇÃO ANTI-CHAMA EM COMPOSTO TERMOPLÁSTICO NÃO HALOGENADO, COM BAIXA EMISSÃO DE FUMAÇA, 0,6/1,0KV - 90ºC, INCLUSIVE INSTALAÇÃO.","m",434.6,359.02000000000004,156030.09]
["9.2.",null,"CONDUTOS","",null,0,0]
["9.2.1","605091-3","CURVA DE INVERSÃO 300X100MM COM TAMPA, LEITO PARA CABOS, CHAPA 18 – FORNECIMENTO E INSTALAÇÃO.","un",1,182.46,182.46]
["9.2.2","605093-0","CURVA HORIZONTAL 45° 300X100MM COM TAMPA, LEITO PARA CABOS, CHAPA 18 – FORNECIMENTO E INSTALAÇÃO.","un",2,162.30000000000001,324.60000000000002]
["9.2.3","605094-8","CURVA HORIZONTAL 90° 300X100MM COM TAMPA, LEITO PARA CABOS, CHAPA 18 – FORNECIMENTO E INSTALAÇÃO.","un",1,208.84,208.84]
["9.2.4","605104-9","CURVA VERTICAL EXTERNA 90° 300X100MM COM TAMPA, LEITO PARA CABOS, CHAPA 18 FORNECIMENTO E INSTALAÇÃO.","un",2,192.13,384.26]
["9.2.5","605103-0","CURVA VERTICAL INTERNA 90° 300X100MM COM TAMPA, LEITO PARA CABOS, CHAPA 18 FORNECIMENTO E INSTALAÇÃO.","un",1,184.42,184.42]
["9.2.6","605160-0","LEITO PARA CABOS EM CHAPA DE AÇO GALVANIZADO # 18, COM TAMPA LARGURA 300 MM X ALTURA 100 MM, INSTALAÇÃO SUPERIOR – FORNECIMENTO E INSTALAÇÃO.","m",15.2,287.70999999999998,4373.1899999999996]
["10.",null,"SPDA","",null,0,0]
["10.1.",null,"CONDUTORES","",null,0,0]
["10.1.1","605290-8","CABO DE COBRE NU, TÊMPERA MEIO-DURO, ENCORDOAMENTO CLASSE 2A/3A, SEÇÃO NOMINAL DE 35 MM², PARA ATERRAMENTO, INSTALADO EM VALA COM 0,5 M DE PROFUNDIDADE, INCLUSIVE ESCAVAÇÃO E REATERRO.","m",2.4,79.88,191.71]
["10.1.2","380148-9","CABO DE COBRE NU, TÊMPERA MEIO-DURO, ENCORDOAMENTO CLASSE 2A/3A, SEÇÃO NOMINAL DE 50 MM², PARA ATERRAMENTO, INSTALADO EM VALA COM 0,5 M DE PROFUNDIDADE, INCLUSIVE ESCAVAÇÃO E REATERRO.","m",9.8000000000000007,98.87,968.92]
["10.2.",null,"CAPTAÇÃO E ATERRAMENTO","",null,0,0]
["10.2.1","605117-0","CAIXA DE PASSAGEM DE ALVENARIA DE BLOCOS CERÂMICO 9X19X39CM, DIMENSÕES DE 30X30X50CM, COM REVESTIMENTO INTERNO EM CHAPISCO E REBOCO, TAMPA DE CONCRETO ESP.5CM E LASTRO DE BRITA 5 CM.","un",3,175.35000000000002,526.04999999999995]
["10.2.2","398109-6","HASTE DE ATERRAMENTO (TIPO COPPERWELD) DE 5/8\" X 3,0 M - FORNECIMENTO E INSTALAÇÃO.","un",3,155.46,466.38]
["10.2.3","450988-9","SOLDA EXOTÉRMICA PARA CABO / HASTE 50MM² - FORNECIMENTO E INSTALAÇÃO.","un",13,53.94,701.22]
["10.2.4","506672-7","TERMINAL A COMPRESSÃO EM COBRE ESTANHADO PARA CABO DE 16MM², 1 FURO, INCLUSIVE PARAFUSO SEXTAVADO EM AÇO INOX 1/4\"X1.1/4\", ARRUELAS LISAS E PORCA SEXTAVADA DE 1/4\" - FORNECIMENTO E INSTALAÇÃO.","un",2,12.629999999999999,25.26]
["11.",null,"INCÊNDIO","",null,0,0]
["11.1","605136-7","ABRIGO PARA EXTINTOR SOBRE RODAS MODELO 1579P CONFECCIONADOS EM PRFV (PLÁSTICO REFORÇADO COM FIBRAS DE VIDRO) – FORNECIMENTO E INSTALAÇÃO.","un",3,5371.16,16113.48]
["12.",null,"FINAL DE OBRA","",null,0,0]
["12.1","431654-1 ","LIMPEZA GERAL DA OBRA","m²",216.73,3.79,821.4]
["12.2","314578-6","DESMOBILIZAÇÃO DA OBRA (PESSOAL, MÁQUINAS E EQUIPAMENTOS).","un",1,1631.54,1631.54]
["TOTAL DA OBRA:",null,null,null,null,null,{"$f":"SUM(G11:G83)","v":298985.39}]